Good governance in Nigeria : rethinking accountability and transparency in the twenty-first century

Saved in:
Bibliografiske detaljer
Hovedforfatter: ROELOFS, Portia
Format: Bog
Sprog:engelsk
Udgivet: Cambridge University Press 2023
Tags: Tilføj Tag
Ingen Tags, Vær først til at tagge denne postø!

MARC

LEADER 00000nam a22000007a 4500
008 240522b |||||||| |||| 00| 0 eng d
020 |a 9781009235426 
100 |a ROELOFS, Portia 
245 |a Good governance in Nigeria  |b  : rethinking accountability and transparency in the twenty-first century  |c  / Portia Roelofs  |g xix, 335p;ill 
260 |b  Cambridge University Press  |c 2023  |h New York  |i 702991  |l JQ3089.5.A33.R65  |m Government accountability--Nigeria  |m . Public administration--Nigeria--Management  |m . Political leadership--Nigeria.   |m Nigeria--Politics and government. 
500 |a it includes references and index 
942 |a lcc  |c BK  |e Johnson  |f 22/05/24 
952 |0 0  |1 0  |2 lcc  |4 0  |6 JQ30895 A33 R65  |7 0  |9 5134  |a HOL  |b HOL  |c GJ  |d 2024-05-22  |l 0  |o JQ3089.5.A33.R65  |p 2024-0381  |r 2024-05-22 00:00:00  |t 702791  |w 2024-05-22  |y BK 
999 |c 2551  |d 2551